Metodický návod

Metodický návod Ministerstva práce, sociálnych vecí a rodiny SR a Ministerstva školstva SR pre krajské úrady, okresné úrady, školy a obce na zabezpečenie aplikácie ustanovenia ­ 18 ods. 2 zákona č. 281/2002 Z.z. o prídavku na dieťa a o príspevku k prídavku na dieťa v znení zákona č. 658/2002 Z.z. (z...

Descrizione completa

Salvato in:
Dettagli Bibliografici
Natura: Capitolo di libro
Lingua:slovacco
Soggetti:
Tags: Aggiungi Tag
Nessun Tag, puoi essere il primo ad aggiungerne!!

MARC

LEADER 00000naa a2200000 4500
001 r048065
005 20230927091653.9
041 0 |a slo 
044 |a SK 
245 1 0 |a Metodický návod 
520 |a Metodický návod Ministerstva práce, sociálnych vecí a rodiny SR a Ministerstva školstva SR pre krajské úrady, okresné úrady, školy a obce na zabezpečenie aplikácie ustanovenia ­ 18 ods. 2 zákona č. 281/2002 Z.z. o prídavku na dieťa a o príspevku k prídavku na dieťa v znení zákona č. 658/2002 Z.z. (zanedbávanie povinnej školskej dochádzky). 
610 2 0 |a prídavky na deti 
610 2 0 |a príspevky sociálne 
610 2 0 |a zákony 
610 2 0 |a smernice 
610 2 0 |a úrady 
610 2 0 |a školy 
610 2 0 |a obce